000 00886nam a2200265 a 4500
999 _c304
_d304
001 304
003 BD-JhCC
005 20220606134024.0
008 171003s2011 b |||| |||| 000 0 ben d
020 _a9789848088159
035 _a(BD-JhCC) 304
040 _aBD-JhCC
_dBD-JhCC
041 _aben
082 _223
_a813.54
_bASI 2011
100 _aআসিমভ, আইজাক
_c1920-1992
245 _aফাউন্ডেশন এন্ড আর্থ /
_cআইজাক আসিমভ : অনুঃ নাজমুছ ছাকিব
260 _aঢাকা :
_bসন্দেশ প্রকাশনি,
_c2011
300 _a৩৩৫ পৃ. :
_c২২ সেমি.
650 _aPsychohistory
650 _aScience fiction
_xGeneral
650 _aLife on other planets
700 _aছাকিব, নাজমুছ.
942 _2ddc
_cBK
_05